[Event "20. Obert Int. Sant Marti 2018"]
[Site "Barcelona ESP"]
[Date "2018.07.13"]
[Round "1.54"]
[White "Perez Pastora, Evarist"]
[Black "Yang, Jack Nathaniel"]
[Result "1-0"]
[WhiteElo "2103"]
[BlackElo "1661"]
[PlyCount "111"]
[EventDate "2018.07.13"]
[EventType "swiss"]
[EventRounds "9"]
[EventCountry "ESP"]
[SourceTitle "Ajedrez en Madrid"]
[Source "lmi"]
[SourceDate "2018.07.13"]
[SourceVersion "1"]
[SourceVersionDate "2019.06.21"]
[SourceQuality "1"]

1. e4 c5 2. Nf3 Nc6 3. d4 cxd4 4. Nxd4 e6 5. Nxc6 bxc6 6. Bd3 Bc5 7. O-O Ne7 8.
Qh5 Bb6 9. Nd2 d5 10. Nf3 h6 11. Qg4 dxe4 12. Bxe4 g6 13. Ne5 Qd4 14. Nxc6 Qc4
15. Nxe7 Kxe7 16. b3 Qb4 17. c3 Qxc3 18. Ba3+ Kf6 19. Bxa8 Ba6 20. Qf3+ Qxf3
21. Bxf3 Bxf1 22. Kxf1 Rc8 23. Rc1 Rxc1+ 24. Bxc1 h5 25. Be3 Bxe3 26. fxe3 Ke7
27. Ke2 f6 28. Kd3 Kd6 29. a3 f5 30. e4 h4 31. Kd4 g5 32. h3 g4 33. hxg4 e5+
34. Kc4 fxg4 35. Bxg4 Kc6 36. b4 a6 37. a4 Kd6 38. a5 Kc6 39. Bc8 Kc7 40. Bxa6
Kc6 41. Bc8 Kc7 42. Bh3 Kc6 43. b5+ Kd6 44. Bf5 Kc7 45. Kd5 Kb7 46. Kxe5 Kc7
47. Kd5 Kb7 48. e5 h3 49. gxh3 Kc7 50. e6 Kd8 51. Kd6 Kc8 52. e7+ Kb7 53. e8=Q
Ka7 54. Qe7+ Kb8 55. Qc7+ Ka8 56. Be4# 1-0

[Event "20. Obert Int. Sant Marti 2018"]
[Site "Barcelona ESP"]
[Date "2018.07.13"]
[Round "1.55"]
[White "Bhuta, Hriday"]
[Black "Segarra Calderer, Albert"]
[Result "0-1"]
[WhiteElo "1650"]
[BlackElo "2095"]
[PlyCount "56"]
[EventDate "2018.07.13"]
[EventType "swiss"]
[EventRounds "9"]
[EventCountry "ESP"]
[SourceTitle "Ajedrez en Madrid"]
[Source "lmi"]
[SourceDate "2018.07.13"]
[SourceVersion "1"]
[SourceVersionDate "2019.06.21"]
[SourceQuality "1"]

1. d4 Nf6 2. c4 g6 3. f3 Bg7 4. e4 d6 5. Nc3 O-O 6. Be3 c6 7. Bd3 Nbd7 8. Qd2
e5 9. Nge2 a6 10. O-O exd4 11. Nxd4 Ne5 12. Rfd1 Nh5 13. Be2 Qe7 14. Nb3 Be6
15. c5 d5 16. exd5 Bxd5 17. Nxd5 cxd5 18. Bd4 Nc4 19. Qc2 Bxd4+ 20. Rxd4 Qe3+
21. Kh1 Rfe8 22. Bxc4 dxc4 23. Qxc4 Qf2 24. Rf1 Re1 25. Rd1 Rae8 26. Nd2 Nf4
27. Qxf4 Rxd1 28. Rxd1 Re1+ 0-1

[Event "20. Obert Int. Sant Marti 2018"]
[Site "Barcelona ESP"]
[Date "2018.07.13"]
[Round "1.56"]
[White "Anuj, Shrivatri"]
[Black "Romero Gamez, Francisco Javier"]
[Result "1-0"]
[WhiteElo "2094"]
[BlackElo "1540"]
[PlyCount "49"]
[EventDate "2018.07.13"]
[EventType "swiss"]
[EventRounds "9"]
[EventCountry "ESP"]
[SourceTitle "Ajedrez en Madrid"]
[Source "lmi"]
[SourceDate "2018.07.13"]
[SourceVersion "1"]
[SourceVersionDate "2019.06.21"]
[SourceQuality "1"]

1. d4 Nf6 2. Nf3 d5 3. Bf4 e6 4. e3 Bd6 5. Bg3 b6 6. c3 O-O 7. Nbd2 Bb7 8. Bd3
Nbd7 9. Ne5 Bxe5 10. dxe5 Ne8 11. Qh5 g6 12. Qh6 f5 13. h4 Qe7 14. h5 Qg7 15.
hxg6 hxg6 16. Qg5 c5 17. Bb5 Nxe5 18. Bxe5 Qxe5 19. Qxg6+ Ng7 20. Nf3 Qf6 21.
Qh7+ Kf7 22. Qh2 Rh8 23. Qc7+ Qe7 24. Ne5+ Kf6 25. Qxe7+ 1-0

[Event "20. Obert Int. Sant Marti 2018"]
[Site "Barcelona ESP"]
[Date "2018.07.13"]
[Round "1.57"]
[White "Martinez Aguero, Francisco"]
[Black "Khudov, Oleksandr"]
[Result "0-1"]
[WhiteElo "1504"]
[BlackElo "2093"]
[PlyCount "72"]
[EventDate "2018.07.13"]
[EventType "swiss"]
[EventRounds "9"]
[EventCountry "ESP"]
[SourceTitle "Ajedrez en Madrid"]
[Source "lmi"]
[SourceDate "2018.07.13"]
[SourceVersion "1"]
[SourceVersionDate "2019.06.21"]
[SourceQuality "1"]

1. d4 d5 2. Bf4 Nf6 3. e3 c5 4. c3 Nc6 5. Bd3 Qb6 6. Qc2 c4 7. Be2 Bf5 8. Qd2
e6 9. Nf3 h6 10. Ne5 Be7 11. h3 O-O 12. Qc1 Nxe5 13. Bxe5 Ne4 14. f3 Bh4+ 15.
Kf1 Nf2 16. g3 Nd3 17. Bxd3 Bxd3+ 18. Kf2 f6 19. Bf4 g5 20. gxh4 gxf4 21. exf4
e5 22. fxe5 fxe5 23. Rg1+ Kh7 24. Rg4 exd4 25. cxd4 Be4 26. Nd2 Qxd4+ 27. Kg2
Qe3 28. Qd1 Bf5 29. Rg3 Rg8 30. Nf1 Qe5 31. Qd2 Rae8 32. Rxg8 Rxg8+ 33. Kf2
Bxh3 34. Qc2+ Kh8 35. Ne3 Qh2+ 36. Ke1 Rg1+ 0-1

[Event "20. Obert Int. Sant Marti 2018"]
[Site "Barcelona ESP"]
[Date "2018.07.13"]
[Round "1.58"]
[White "Saptorshi, Gupta"]
[Black "Tateo, Ida"]
[Result "1-0"]
[WhiteElo "2091"]
[BlackElo "1220"]
[PlyCount "67"]
[EventDate "2018.07.13"]
[EventType "swiss"]
[EventRounds "9"]
[EventCountry "ESP"]
[SourceTitle "Ajedrez en Madrid"]
[Source "lmi"]
[SourceDate "2018.07.13"]
[SourceVersion "1"]
[SourceVersionDate "2019.06.21"]
[SourceQuality "1"]

1. e4 c5 2. Ne2 Nc6 3. Nbc3 g6 4. d4 cxd4 5. Nxd4 Bg7 6. Be3 Nf6 7. Nxc6 bxc6
8. e5 Nd5 9. Nxd5 cxd5 10. f4 e6 11. Be2 O-O 12. Bc5 Re8 13. O-O Qc7 14. Ba3
Bb7 15. Kh1 Rec8 16. Rc1 a5 17. Rf3 a4 18. Rh3 Qb6 19. Qe1 d4 20. Qh4 h5 21.
Bxh5 gxh5 22. Qxh5 Be4 23. Qg5 Bg6 24. Be7 d3 25. Bf6 d2 26. Rd1 Qf2 27. Rf3
Qe2 28. Rff1 Bxf6 29. exf6 Kh7 30. f5 exf5 31. Qh4+ Bh5 32. h3 Rxc2 33. g4 fxg4
34. Qxh5+ 1-0

[Event "20. Obert Int. Sant Marti 2018"]
[Site "Barcelona ESP"]
[Date "2018.07.14"]
[Round "2.11"]
[White "Vatsal, Singhania"]
[Black "Fernandez Cardoso, Alexey"]
[Result "0-1"]
[WhiteElo "2194"]
[BlackElo "2439"]
[PlyCount "70"]
[EventDate "2018.07.13"]
[EventType "swiss"]
[EventRounds "9"]
[EventCountry "ESP"]
[SourceTitle "Ajedrez en Madrid"]
[Source "lmi"]
[SourceDate "2018.07.13"]
[SourceVersion "1"]
[SourceVersionDate "2019.06.21"]
[SourceQuality "1"]

1. e4 c5 2. Nf3 e6 3. d4 cxd4 4. Nxd4 a6 5. c4 Nf6 6. Nc3 Qc7 7. a3 b6 8. Be2
Bb7 9. f3 d6 10. Be3 Be7 11. O-O O-O 12. Qd2 Nbd7 13. Rfc1 Rfe8 14. b4 Rac8 15.
Rab1 Qb8 16. Na4 d5 17. exd5 exd5 18. c5 b5 19. Nc3 Bd8 20. Bf4 Ne5 21. Nf5 Bc7
22. Bg3 h6 23. Re1 Rcd8 24. Qd4 Bc8 25. Nd6 Rxd6 26. Bxe5 Rxe5 27. Qxe5 Re6 28.
Qd4 Be5 29. Qd3 Bxh2+ 30. Kh1 Qg3 31. f4 Re3 32. Nxd5 Rxd3 33. Nxf6+ gxf6 34.
Bxd3 Qh4 35. Re8+ Kg7 0-1

[Event "20. Obert Int. Sant Marti 2018"]
[Site "Barcelona ESP"]
[Date "2018.07.14"]
[Round "2.12"]
[White "Miciano, John Marvin"]
[Black "Persson, Andreas"]
[Result "1-0"]
[WhiteElo "2411"]
[BlackElo "2126"]
[PlyCount "109"]
[EventDate "2018.07.13"]
[EventType "swiss"]
[EventRounds "9"]
[EventCountry "ESP"]
[SourceTitle "Ajedrez en Madrid"]
[Source "lmi"]
[SourceDate "2018.07.13"]
[SourceVersion "1"]
[SourceVersionDate "2019.06.21"]
[SourceQuality "1"]

1. g3 d5 2. Bg2 Nf6 3. d3 e6 4. Nd2 Be7 5. e4 c5 6. Ngf3 Nc6 7. O-O O-O 8. Re1
Qc7 9. Qe2 b5 10. a4 b4 11. Nb3 Ba6 12. Bf4 Qd8 13. exd5 exd5 14. Ne5 Nxe5 15.
Bxe5 Rc8 16. Qf3 Bb7 17. Bh3 Rc6 18. Re2 Bc8 19. Bxc8 Rxc8 20. Rae1 Qd7 21. a5
Bd8 22. Kg2 h6 23. h3 Qc6 24. Qf4 Re8 25. Bd6 Rxe2 26. Rxe2 Bc7 27. Bxc7 Qxc7
28. Qf5 Rd8 29. Re5 Qd6 30. Re3 g6 31. Qe5 Qxe5 32. Rxe5 c4 33. Nd4 cxd3 34.
cxd3 Rd6 35. Re7 Ra6 36. Nb3 d4 37. Rc7 Kf8 38. Rc4 Nd5 39. Rxd4 Rd6 40. Rc4
Ke7 41. Rc8 Kf6 42. Ra8 Ne7 43. Rxa7 Rxd3 44. Nc5 Rd8 45. Rb7 Nd5 46. Nd7+ Ke6
47. Nb8 Rc8 48. a6 Rc5 49. a7 Ra5 50. Nc6 Ra4 51. Rb8 Nc7 52. Rxb4 Rxb4 53.
Nxb4 Kd6 54. Kf3 Kc5 55. Na6+ 1-0

[Event "20. Obert Int. Sant Marti 2018"]
[Site "Barcelona ESP"]
[Date "2018.07.14"]
[Round "2.13"]
[White "Smirnov, Artem"]
[Black "Garcia Gil, Javier"]
[Result "1-0"]
[WhiteElo "2405"]
[BlackElo "2110"]
[PlyCount "129"]
[EventDate "2018.07.13"]
[EventType "swiss"]
[EventRounds "9"]
[EventCountry "ESP"]
[SourceTitle "Ajedrez en Madrid"]
[Source "lmi"]
[SourceDate "2018.07.13"]
[SourceVersion "1"]
[SourceVersionDate "2019.06.21"]
[SourceQuality "1"]

1. d4 Nf6 2. c4 e6 3. Nf3 d5 4. e3 c5 5. cxd5 exd5 6. Bb5+ Bd7 7. Bxd7+ Nbxd7
8. O-O Bd6 9. dxc5 Nxc5 10. b3 Nce4 11. Bb2 Rc8 12. Qd3 O-O 13. Nc3 Qd7 14.
Rac1 Qf5 15. h3 Rcd8 16. Nb5 Bb8 17. Ba3 Rfe8 18. Nc7 Bxc7 19. Rxc7 Rd7 20. Nd4
Qe5 21. Rxd7 Nxd7 22. Qb5 Nb6 23. Bb2 Ra8 24. a4 Qe8 25. Qe2 Nd6 26. Qg4 Qd7
27. Qh5 a5 28. Rd1 Re8 29. Ne2 Qf5 30. Qxf5 Nxf5 31. Bc3 Ra8 32. g4 Ne7 33. Nf4
Kf8 34. Bd4 Ra6 35. e4 Nd7 36. Nxd5 Nxd5 37. exd5 f6 38. Be3 Ke7 39. Rc1 Rd6
40. Bc5 Nxc5 41. Rxc5 b6 42. Rb5 h6 43. Kg2 f5 44. Kf3 Kf6 45. Ke3 fxg4 46.
hxg4 g6 47. Kf4 h5 48. g5+ Ke7 49. b4 axb4 50. Ke5 Kd7 51. Rxb4 Ke7 52. Rb3 Kd7
53. f4 Ke7 54. Rh3 b5 55. axb5 Rb6 56. f5 gxf5 57. Rxh5 Rxb5 58. Rh7+ Kf8 59.
g6 Rb6 60. d6 Rb1 61. Kf6 Kg8 62. Re7 Rb8 63. d7 Rf8+ 64. Kg5 f4 65. Re8 1-0

[Event "20. Obert Int. Sant Marti 2018"]
[Site "Barcelona ESP"]
[Date "2018.07.14"]
[Round "2.14"]
[White "Sapale, Saloni"]
[Black "Perez Mitjans, Orelvis"]
[Result "1-0"]
[WhiteElo "2145"]
[BlackElo "2399"]
[PlyCount "99"]
[EventDate "2018.07.13"]
[EventType "swiss"]
[EventRounds "9"]
[EventCountry "ESP"]
[SourceTitle "Ajedrez en Madrid"]
[Source "lmi"]
[SourceDate "2018.07.13"]
[SourceVersion "1"]
[SourceVersionDate "2019.06.21"]
[SourceQuality "1"]

1. e4 c5 2. Nf3 Nc6 3. d4 cxd4 4. Nxd4 g6 5. Nc3 Bg7 6. Be3 Nf6 7. Bc4 O-O 8.
Bb3 d6 9. f3 Na5 10. Qd2 Nd7 11. Bh6 Nb6 12. Bxg7 Kxg7 13. Nde2 e5 14. Nd5 Nxb3
15. axb3 Nxd5 16. Qxd5 Qh4+ 17. Ng3 Qe7 18. O-O Be6 19. Qd3 a6 20. f4 exf4 21.
Rxf4 Rac8 22. Rd1 Qg5 23. Rf2 h5 24. Qd2 Qe5 25. Qxd6 Qxb2 26. Qf4 Rc5 27. h3
Rfc8 28. b4 Qxb4 29. Qf6+ Kg8 30. e5 Rd5 31. Rxd5 Bxd5 32. Nf5 gxf5 33. Rxf5
Kf8 34. Qh8+ Ke7 35. Qxc8 Qb6+ 36. Rf2 a5 37. Qc3 h4 38. Qa3+ Ke6 39. Qa4 Bc6
40. Qc4+ Bd5 41. Qg4+ Ke7 42. Qxh4+ Kd7 43. Kh2 Qe3 44. Qg4+ Kc7 45. Re2 Qh6
46. Qd4 Bc6 47. Rd2 b5 48. Qa7+ Bb7 49. Qxa5+ Kc6 50. Rd6+ 1-0

[Event "20. Obert Int. Sant Marti 2018"]
[Site "Barcelona ESP"]
[Date "2018.07.14"]
[Round "2.15"]
[White "Eggleston, David J"]
[Black "Deepak, Katiyar"]
[Result "1/2-1/2"]
[WhiteElo "2397"]
[BlackElo "2108"]
[PlyCount "143"]
[EventDate "2018.07.13"]
[EventType "swiss"]
[EventRounds "9"]
[EventCountry "ESP"]
[SourceTitle "Ajedrez en Madrid"]
[Source "lmi"]
[SourceDate "2018.07.13"]
[SourceVersion "1"]
[SourceVersionDate "2019.06.21"]
[SourceQuality "1"]

1. e4 c5 2. Nf3 d6 3. d4 cxd4 4. Nxd4 Nf6 5. Nc3 Nc6 6. g3 e5 7. Nde2 h6 8. Bg2
Be7 9. O-O O-O 10. Be3 a6 11. Na4 b5 12. Nb6 Rb8 13. Nxc8 Qxc8 14. b3 Qd7 15.
h3 Bd8 16. a4 Bb6 17. Bc1 Rfd8 18. c3 d5 19. exd5 Nxd5 20. axb5 axb5 21. Qc2
Nde7 22. Ra6 Qb7 23. Qa2 Ra8 24. Rxa8 Qxa8 25. Qxa8 Rxa8 26. Rd1 Rd8 27. Rxd8+
Nxd8 28. g4 Ndc6 29. b4 f6 30. Ng3 Kf7 31. h4 g5 32. h5 Na7 33. Be4 Nac8 34.
Kf1 Nd6 35. f3 Ke6 36. Ke2 f5 37. Bd3 fxg4 38. fxg4 Nd5 39. Bf5+ Kf6 40. Bd2
Bg1 41. Kf3 Bb6 42. Bd7 Nc7 43. Be1 Ke7 44. Bc6 Ke6 45. Ne4 Nc8 46. Bb7 Ne7 47.
Ng3 Ne8 48. Nf5 Nxf5 49. Bc8+ Kf6 50. Bxf5 Nd6 51. Be4 Ke6 52. Bc6 Ba7 53. Ke2
Bb6 54. Bd2 Ba7 55. Be3 Bxe3 56. Kxe3 Nc4+ 57. Ke2 Nd6 58. Kd3 Ke7 59. Bd5 Kd7
60. c4 bxc4+ 61. Kc3 Kc7 62. Bxc4 Kb6 63. Be2 Kc6 64. Bf3+ Kb5 65. Bd5 Kb6 66.
Kb3 Kb5 67. Bg2 Kb6 68. Bf1 Kc6 69. Ka4 Kb6 70. Be2 Ne4 71. Kb3 Nd6 72. Kc3
1/2-1/2

[Event "20. Obert Int. Sant Marti 2018"]
[Site "Barcelona ESP"]
[Date "2018.07.14"]
[Round "2.16"]
[White "Sanchez Lopez, Juan Manuel"]
[Black "Alarcon Casellas, Rolando"]
[Result "0-1"]
[WhiteElo "2127"]
[BlackElo "2389"]
[PlyCount "62"]
[EventDate "2018.07.13"]
[EventType "swiss"]
[EventRounds "9"]
[EventCountry "ESP"]
[SourceTitle "Ajedrez en Madrid"]
[Source "lmi"]
[SourceDate "2018.07.13"]
[SourceVersion "1"]
[SourceVersionDate "2019.06.21"]
[SourceQuality "1"]

1. c4 c5 2. Nc3 Nc6 3. g3 g6 4. Bg2 Bg7 5. d3 b6 6. e4 Bxc3+ 7. bxc3 e5 8. f4
d6 9. Nf3 Bg4 10. O-O Qc7 11. h3 Bxf3 12. Qxf3 f6 13. Be3 O-O-O 14. Rfd1 Nge7
15. h4 Kb8 16. Rab1 Na5 17. Bf1 Nec6 18. Kh1 h6 19. f5 gxf5 20. exf5 h5 21. Bg2
a6 22. Rd2 Ka7 23. Rdb2 Rb8 24. Kh2 e4 25. Qf4 exd3 26. Rd2 Ne5 27. Bd5 Rhg8
28. Qe4 Rge8 29. Be6 Naxc4 30. Rxd3 Nxe3 31. Rxe3 d5 0-1

[Event "20. Obert Int. Sant Marti 2018"]
[Site "Barcelona ESP"]
[Date "2018.07.14"]
[Round "2.17"]
[White "Valenzuela Gomez, Fernando"]
[Black "Perez Pastora, Evarist"]
[Result "1-0"]
[WhiteElo "2389"]
[BlackElo "2103"]
[PlyCount "63"]
[EventDate "2018.07.13"]
[EventType "swiss"]
[EventRounds "9"]
[EventCountry "ESP"]
[SourceTitle "Ajedrez en Madrid"]
[Source "lmi"]
[SourceDate "2018.07.13"]
[SourceVersion "1"]
[SourceVersionDate "2019.06.21"]
[SourceQuality "1"]

1. d4 Nf6 2. c4 e6 3. Nc3 Bb4 4. Bd2 O-O 5. e3 b6 6. Nf3 Bb7 7. Bd3 d5 8. cxd5
exd5 9. Rc1 a6 10. O-O Nbd7 11. Ne5 Bd6 12. f4 c5 13. Be1 Ne4 14. Qh5 Ndf6 15.
Qh3 Nxc3 16. Bxc3 Ne4 17. Bxe4 dxe4 18. dxc5 bxc5 19. Nd7 Bc8 20. Qg3 f6 21.
Nxf8 Qxf8 22. Rfd1 Bd7 23. Be5 Bxe5 24. fxe5 Bb5 25. exf6 Qxf6 26. Qd6 Rf8 27.
Qxf6 Rxf6 28. Rxc5 Be2 29. Rd8+ Kf7 30. Rc1 h5 31. Rd2 Bd3 32. Rf2 1-0

[Event "20. Obert Int. Sant Marti 2018"]
[Site "Barcelona ESP"]
[Date "2018.07.14"]
[Round "2.18"]
[White "Low, Kevin"]
[Black "Vidarte Morales, Arturo"]
[Result "0-1"]
[WhiteElo "2122"]
[BlackElo "2381"]
[PlyCount "72"]
[EventDate "2018.07.13"]
[EventType "swiss"]
[EventRounds "9"]
[EventCountry "ESP"]
[SourceTitle "Ajedrez en Madrid"]
[Source "lmi"]
[SourceDate "2018.07.13"]
[SourceVersion "1"]
[SourceVersionDate "2019.06.21"]
[SourceQuality "1"]

1. e4 c5 2. Nf3 e6 3. d4 cxd4 4. Nxd4 a6 5. Nc3 Qc7 6. Bd3 b5 7. f4 Bb7 8. Qf3
Nc6 9. Nb3 Nf6 10. g4 h6 11. Be3 d6 12. O-O-O Rc8 13. h4 Nb4 14. Kb1 d5 15. Bd4
dxe4 16. Nxe4 Nxe4 17. Bxe4 Qxc2+ 18. Bxc2 Bxf3 19. Na1 Nxc2 20. Nxc2 Bxg4 21.
Rc1 Bf5 22. a3 f6 23. b4 Bd6 24. Rhf1 Rc4 25. Kb2 Kf7 26. Be3 e5 27. Bc5 Bxc5
28. bxc5 Bxc2 29. Rxc2 Rxc2+ 30. Kxc2 Rc8 31. fxe5 Rxc5+ 32. Kd3 Rxe5 33. Rf4
Rd5+ 34. Ke3 g5 35. hxg5 hxg5 36. Rf2 Kg6 0-1

[Event "20. Obert Int. Sant Marti 2018"]
[Site "Barcelona ESP"]
[Date "2018.07.14"]
[Round "2.19"]
[White "Gonzales, Jayson"]
[Black "Anuj, Shrivatri"]
[Result "1-0"]
[WhiteElo "2367"]
[BlackElo "2094"]
[PlyCount "115"]
[EventDate "2018.07.13"]
[EventType "swiss"]
[EventRounds "9"]
[EventCountry "ESP"]
[SourceTitle "Ajedrez en Madrid"]
[Source "lmi"]
[SourceDate "2018.07.13"]
[SourceVersion "1"]
[SourceVersionDate "2019.06.21"]
[SourceQuality "1"]

1. e4 e5 2. Nf3 Nc6 3. Bc4 Nf6 4. d3 Be7 5. c3 O-O 6. Nbd2 d6 7. Bb3 Na5 8. Bc2
c5 9. Nf1 Nc6 10. Ng3 d5 11. Qe2 d4 12. O-O g6 13. Ba4 Nd7 14. Bh6 Re8 15. Rac1
Nb6 16. Bxc6 bxc6 17. Nxe5 Bb7 18. Qf3 f6 19. Ng4 Nd7 20. h4 Qa5 21. a3 Rad8
22. Rfe1 Qc7 23. h5 Ne5 24. Nxe5 fxe5 25. cxd4 cxd4 26. Qd1 Bf6 27. Qd2 Qe7 28.
b4 a6 29. Rc5 Bh4 30. Nf1 gxh5 31. Nh2 Bf6 32. f4 exf4 33. Nf3 Bc8 34. Qxf4 Bg4
35. Rxc6 Be5 36. Nxe5 Qxe5 37. Qd2 Rc8 38. Rxa6 Re6 39. Ra5 Qg3 40. Rg5+ Rg6
41. Rf1 Qe3+ 42. Qxe3 dxe3 43. Rxg6+ hxg6 44. Bxe3 Rc3 45. a4 Rxd3 46. Bc5 Rc3
47. a5 Be2 48. Rf6 Kg7 49. Bd4 Rc4 50. Rd6+ Kf7 51. Kf2 Rc2 52. Ke3 Bb5 53.
Rf6+ Ke7 54. Rxg6 Re2+ 55. Kf3 Rc2 56. a6 Ra2 57. a7 h4 58. Rh6 1-0

[Event "20. Obert Int. Sant Marti 2018"]
[Site "Barcelona ESP"]
[Date "2018.07.14"]
[Round "2.20"]
[White "Lacasta Palacio, Joaquim"]
[Black "Abhishek, Das"]
[Result "1/2-1/2"]
[WhiteElo "2105"]
[BlackElo "2325"]
[PlyCount "99"]
[EventDate "2018.07.13"]
[EventType "swiss"]
[EventRounds "9"]
[EventCountry "ESP"]
[SourceTitle "Ajedrez en Madrid"]
[Source "lmi"]
[SourceDate "2018.07.13"]
[SourceVersion "1"]
[SourceVersionDate "2019.06.21"]
[SourceQuality "1"]

1. Nf3 c5 2. g3 Nc6 3. Bg2 g6 4. O-O Bg7 5. d3 e5 6. e4 Nge7 7. Nc3 d6 8. Be3
h6 9. Rb1 O-O 10. Qd2 Kh7 11. Ne1 Be6 12. a3 f5 13. f4 exf4 14. gxf4 Qd7 15.
Ne2 b6 16. b4 Rae8 17. c3 Ng8 18. Ng3 Nce7 19. d4 cxd4 20. Bxd4 Bxd4+ 21. Qxd4
fxe4 22. Bxe4 Nf5 23. Nxf5 Bxf5 24. Bxf5 Qxf5 25. Ng2 Re2 26. Rbe1 Rfe8 27.
Rxe2 Rxe2 28. Qxd6 Qe4 29. Rf2 Qb1+ 30. Rf1 Qe4 31. Rf2 Qb1+ 32. Rf1 Qc2 33.
Qd5 Ne7 34. Qf7+ Kh8 35. Nh4 Qe4 36. Qf6+ Kg8 37. Qd4 Qe6 38. f5 gxf5 39. Qd8+
Kh7 40. Qd3 Qe5 41. Ng2 Nd5 42. c4 Rxg2+ 43. Kxg2 Ne3+ 44. Kg1 Nxf1 45. Kxf1
Qa1+ 46. Kg2 Qg7+ 47. Kf3 Kg6 48. Qd6+ Kg5 49. Qf4+ Kg6 50. Qd6+ 1/2-1/2

[Event "20. Obert Int. Sant Marti 2018"]
[Site "Barcelona ESP"]
[Date "2018.07.14"]
[Round "2.21"]
[White "Neelash, Saha"]
[Black "Saptorshi, Gupta"]
[Result "1-0"]
[WhiteElo "2319"]
[BlackElo "2091"]
[PlyCount "119"]
[EventDate "2018.07.13"]
[EventType "swiss"]
[EventRounds "9"]
[EventCountry "ESP"]
[SourceTitle "Ajedrez en Madrid"]
[Source "lmi"]
[SourceDate "2018.07.13"]
[SourceVersion "1"]
[SourceVersionDate "2019.06.21"]
[SourceQuality "1"]

1. Nf3 c5 2. b3 Nf6 3. Bb2 e6 4. g3 b6 5. Bg2 Bb7 6. O-O Be7 7. c4 O-O 8. e3 d5
9. Nc3 Nc6 10. cxd5 exd5 11. d4 Rc8 12. dxc5 bxc5 13. Rc1 Ba6 14. Re1 Nb4 15.
Bf1 Bxf1 16. Rxf1 c4 17. Ne1 Qd7 18. a3 Na6 19. b4 Nc7 20. Ng2 Ne6 21. Qa4 Qb7
22. Qb5 Qa8 23. Rfd1 Rfd8 24. Ne2 Rb8 25. Qa5 a6 26. Nd4 Nxd4 27. Bxd4 Qc6 28.
Nf4 Rb5 29. Qa4 Ne4 30. f3 Ng5 31. Kg2 Ne6 32. Ne2 Rb6 33. Qxc6 Rxc6 34. Be5 f6
35. Bb2 Kf7 36. Rc2 Rcd6 37. Rcd2 Nc7 38. Kf2 g6 39. Bd4 Nb5 40. Bc5 R6d7 41.
a4 Bxc5 42. bxc5 Nc7 43. e4 Ke8 44. Rd4 Ne6 45. c6 Rd6 46. c7 Nxc7 47. Nc3 Rb6
48. exd5 Rb2+ 49. R1d2 Rxd2+ 50. Rxd2 Ke7 51. Ke3 Ne8 52. Kd4 Nd6 53. Re2+ Kd7
54. Ne4 Nxe4 55. fxe4 Rb8 56. Rc2 Rb1 57. Rxc4 Rh1 58. Rc6 Rxh2 59. Rxf6 Rd2+
60. Ke5 1-0

[Event "20. Obert Int. Sant Marti 2018"]
[Site "Barcelona ESP"]
[Date "2018.07.14"]
[Round "2.22"]
[White "Segarra Calderer, Albert"]
[Black "Frayna, Janelle Mae"]
[Result "1/2-1/2"]
[WhiteElo "2095"]
[BlackElo "2315"]
[PlyCount "96"]
[EventDate "2018.07.13"]
[EventType "swiss"]
[EventRounds "9"]
[EventCountry "ESP"]
[SourceTitle "Ajedrez en Madrid"]
[Source "lmi"]
[SourceDate "2018.07.13"]
[SourceVersion "1"]
[SourceVersionDate "2019.06.21"]
[SourceQuality "1"]

1. c4 c6 2. e4 d5 3. exd5 cxd5 4. d4 Nf6 5. Nc3 Nc6 6. Nf3 Bg4 7. cxd5 Nxd5 8.
Bc4 e6 9. Bxd5 exd5 10. O-O Be7 11. a3 O-O 12. Qd3 Bf6 13. Ne5 Nxe5 14. dxe5
Bxe5 15. Qxd5 Qxd5 16. Nxd5 Rfd8 17. Nc3 Rac8 18. Be3 a6 19. h3 Be6 20. Rfd1
Bb3 21. Rxd8+ Rxd8 22. Rc1 f5 23. g3 b5 24. Re1 Bf6 25. h4 Re8 26. Rc1 Rc8 27.
Ne2 Rc4 28. Rxc4 Bxc4 29. Nc3 Kf7 30. f3 Ke6 31. Kf2 g6 32. Bb6 Kd6 33. Ke3 Kc6
34. Bd4 Be7 35. Nb1 Bd6 36. f4 a5 37. Nd2 Bd5 38. Kd3 Bf8 39. Bf6 Kd6 40. Bd4
Ke6 41. Bb6 a4 42. Bd4 h6 43. Ke3 Kf7 44. Bc3 Bc5+ 45. Bd4 Be7 46. Nb1 g5 47.
hxg5 hxg5 48. Nd2 Kg6 1/2-1/2

[Event "20. Obert Int. Sant Marti 2018"]
[Site "Barcelona ESP"]
[Date "2018.07.14"]
[Round "2.23"]
[White "Cruz, Filemon"]
[Black "Moreno Garcia, Elizabeth Paola"]
[Result "1-0"]
[WhiteElo "2314"]
[BlackElo "2029"]
[PlyCount "65"]
[EventDate "2018.07.13"]
[EventType "swiss"]
[EventRounds "9"]
[EventCountry "ESP"]
[SourceTitle "Ajedrez en Madrid"]
[Source "lmi"]
[SourceDate "2018.07.13"]
[SourceVersion "1"]
[SourceVersionDate "2019.06.21"]
[SourceQuality "1"]

1. c4 Nf6 2. g3 g6 3. Bg2 Bg7 4. Nc3 d6 5. d4 O-O 6. Nf3 Nbd7 7. O-O c6 8. Qc2
Rb8 9. Rd1 Qa5 10. Rb1 Nb6 11. b3 Qh5 12. Nh4 g5 13. Nf5 Bxf5 14. Qxf5 g4 15.
Qc2 d5 16. Bf4 Rbc8 17. e4 Qg6 18. Qe2 Nh5 19. exd5 Nxf4 20. gxf4 cxd5 21. Bxd5
e6 22. Bxb7 Rcd8 23. Qe3 Rd7 24. Be4 Qf6 25. Ne2 Rfd8 26. Rd3 Qh4 27. Rbd1 f5
28. Bg2 Re7 29. a4 Nd7 30. Ng3 Nf8 31. d5 exd5 32. Qc5 Ne6 33. Bxd5 1-0

[Event "20. Obert Int. Sant Marti 2018"]
[Site "Barcelona ESP"]
[Date "2018.07.14"]
[Round "2.24"]
[White "Khudov, Oleksandr"]
[Black "Mitrabha, Guha"]
[Result "0-1"]
[WhiteElo "2093"]
[BlackElo "2299"]
[PlyCount "104"]
[EventDate "2018.07.13"]
[EventType "swiss"]
[EventRounds "9"]
[EventCountry "ESP"]
[SourceTitle "Ajedrez en Madrid"]
[Source "lmi"]
[SourceDate "2018.07.13"]
[SourceVersion "1"]
[SourceVersionDate "2019.06.21"]
[SourceQuality "1"]

1. d4 Nf6 2. Bf4 e6 3. e3 c5 4. c3 Qb6 5. Qb3 d5 6. Nf3 c4 7. Qc2 Nh5 8. Bg5 h6
9. Bh4 g5 10. Bg3 Nxg3 11. hxg3 Bg7 12. Nbd2 Nc6 13. e4 Qc7 14. e5 Bd7 15. Be2
O-O-O 16. b3 cxb3 17. Nxb3 Kb8 18. Qb2 Ka8 19. O-O Na5 20. Rfb1 Nc4 21. Bxc4
dxc4 22. Nc5 Bc6 23. Qe2 Bd5 24. Nd2 Bf8 25. Nce4 Be7 26. a4 h5 27. a5 h4 28.
g4 Qc6 29. f3 Rc8 30. Nf2 f6 31. exf6 Bxf6 32. Nde4 Be7 33. Qe3 Rhg8 34. Nh3 e5
35. dxe5 Bxe4 36. Qxe4 Qxe4 37. fxe4 Rc5 38. Ra4 Rgc8 39. Rbb4 a6 40. Kf1 Bd8
41. Rb1 Bxa5 42. Nxg5 Bxc3 43. Nf3 Bxe5 44. Rc1 Bf4 45. Rc2 Ka7 46. Nd4 Be5 47.
Nf3 b5 48. Ra5 Bc7 49. Ra1 b4 50. Ra4 a5 51. Nd2 Bb6 52. Ke2 Ka6 0-1